[Event "Gipuzkoa ch"]
[Site "Donostia - San Sebastian"]
[Date "2012.11.10"]
[Round "4"]
[White "Cantabrana Garona, Alejandro"]
[Black "Elduayen Echave, Ramon"]
[Result "0-1"]
[WhiteElo "1818"]
[BlackElo "1664"]

1.d4 d6 2.Nf3 g6 3.b3 Bg7 4.Bb2 c5 5.e3 cxd4 6.exd4 Nf6 7.Bd3 O-O 8.O-O 
Bg4 9.Nbd2 Nc6 10.h3 Bd7 11.c4 Nh5 12.Re1 Nf4 13.Bf1 Nb4 14.Ne4 d5 15.Ng3 
dxc4 16.bxc4 Ne6 17.Rb1 Nc7 18.Ba3 a5 19.Bxb4 axb4 20.Rxb4 Rxa2 21.Qb3 Ra8
22.d5 Na6 23.Rb6 Nc5 24.Qb4 Na6 25.Qb1 Nc5 26.Ne5 Bf5 27.Nxf5 gxf5 28.Rb5 
Ne4 29.f3 Bxe5 30.fxe4 Ra1 31.Qb4 Rxe1 32.Qxe1 f4 33.Rxb7 Qd6 34.Qb4 Qg6 
35.Qb3 Qxe4 36.Qd3 Qe3+ 37.Qxe3 fxe3 38.Rxe7 Bd6 39.Rb7 Ra8 40.Rb2 Ra1 41.
g4 Bc5 42.Kg2 Kf8 43.Bd3 h6 44.Be2 Ke7 45.h4 Kf8 46.Kf3 Rh1 47.h5 Ra1 48.
Ke4 Kg7 49.Kf5 Bd4 50.Rc2 Bc5 51.Ke5 Ra6 52.Bd3 Ra3 53.Bf5 Ra6 54.Bd7 Ra7 
55.Bf5 Re7+ 56.Be6 fxe6 57.dxe6 Ra7 58.Kd5 Be7 59.c5 Ra5 60.Ke4 Rxc5 0-1

[Event "Gipuzkoa ch"]
[Site "Donostia - San Sebastian"]
[Date "2012.11.10"]
[Round "4"]
[White "Puga Senar, Fernando"]
[Black "Aparicio Mola, Luis"]
[Result "1-0"]
[WhiteElo "1808"]
[BlackElo "1530"]

1.d4 Nf6 2.c4 e6 3.Nf3 c5 4.Nc3 cxd4 5.Nxd4 Bb4 6.Qc2 O-O 7.Bg5 a6 8.e4 
Be7 9.Be2 Nc6 10.Rd1 Ne5 11.O-O b6 12.Nf3 Qc7 13.Nxe5 Qxe5 14.Bh4 Ng4 15.
Bg3 Qg5 16.h3 Nh6 17.Bd6 f5 18.f4 Qh4 19.Bxe7 Qxe7 20.e5 Bb7 21.b3 Bc6 22.
Bf3 Rac8 23.Qf2 Bxf3 24.Qxf3 Qc5+ 25.Kh1 Rfd8 26.Na4 Qc6 27.Qe3 b5 28.Rd6 
Qc7 29.Nb6 Rb8 30.Rfd1 Qa7 31.c5 Nf7 32.Rxd7 Rxd7 33.Rxd7 Rb7 34.Qd4 Rxd7 
35.Qxd7 Qb8 36.c6 1-0

[Event "Gipuzkoa ch"]
[Site "Donostia - San Sebastian"]
[Date "2012.11.17"]
[Round "5"]
[White "Guijarro Galan, Jose Luis"]
[Black "Argandona Riveiro, Inigo"]
[Result "0-1"]
[WhiteElo "2121"]
[BlackElo "2402"]

1.e4 e5 2.Nf3 d6 3.d4 exd4 4.Nxd4 Nf6 5.Nc3 Be7 6.Be2 O-O 7.Be3 Re8 8.f4 
Bf8 9.Qd2 Nxe4 10.Nxe4 Rxe4 11.Bf3 Re8 12.O-O-O Nd7 13.g4 Nb6 14.Bf2 d5 
15.Nb3 c6 16.Rhe1 Rxe1 17.Rxe1 Nc4 18.Qe2 Qf6 19.Bd4 Qxf4+ 20.Kb1 Bd7 21.
Qg2 a5 22.Bc3 a4 23.Nd2 Ne3 24.Qe2 Re8 25.Qd3 Nxg4 26.Rg1 Bc5 0-1

[Event "Gipuzkoa ch"]
[Site "Donostia - San Sebastian"]
[Date "2012.11.17"]
[Round "5"]
[White "Garro Beraza, Julen"]
[Black "Ros Eskisabel, Jose Ramon"]
[Result "0-1"]
[WhiteElo "1972"]
[BlackElo "2103"]

1.e4 e6 2.d4 d5 3.Nc3 Bb4 4.Ne2 dxe4 5.a3 Be7 6.Nxe4 Nf6 7.N2g3 O-O 8.c3 
Nbd7 9.Bd3 c5 10.dxc5 Nxc5 11.Nxf6+ Bxf6 12.Bxh7+ Kxh7 13.Qh5+ Kg8 14.Qxc5
b6 15.Qc4 a5 16.Be3 Ba6 17.Qg4 Qd3 18.Rd1 Qc2 19.Rd2 Qb1+ 20.Qd1 Qg6 21.f3
Bh4 22.Kf2 f5 23.f4 Bb7 24.Re1 Bd5 25.a4 Rac8 26.Bd4 Qh6 27.Be5 g5 28.Rd4 
gxf4 29.Bxf4 Bg5 30.Bxg5 Qxg5 31.Qh5 Qg7 32.Rh4 Rf6 33.Re5 Rcf8 34.Ke1 Rg6
35.Qe2 Qc7 0-1

[Event "Gipuzkoa ch"]
[Site "Donostia - San Sebastian"]
[Date "2012.11.17"]
[Round "5"]
[White "Galarza Cenzano, Inigo"]
[Black "Sanchez Ruesga, Hector"]
[Result "1/2-1/2"]
[WhiteElo "2000"]
[BlackElo "1965"]

1.e4 c5 2.Nc3 Nc6 3.f4 e6 4.Nf3 d5 5.Bb5 Ne7 6.exd5 exd5 7.Qe2 g6 8.Ne5 
Qd6 9.Bxc6+ bxc6 10.b3 f6 11.Nd3 Ba6 12.Ba3 Bxd3 13.cxd3 Qxf4 14.Bxc5 Kf7 
15.O-O-O Nf5 16.Rdf1 Qc7 17.Qf2 Bxc5 18.Qxc5 Qd6 19.Na4 Qe5 20.Nc3 Qd6 21.
Na4 1/2-1/2

[Event "Gipuzkoa ch"]
[Site "Donostia - San Sebastian"]
[Date "2012.11.17"]
[Round "5"]
[White "Manso Marquez, Felix"]
[Black "Olabe Odriozola, Eduardo"]
[Result "0-1"]
[WhiteElo "2063"]
[BlackElo "1939"]

1.d4 e5 2.dxe5 Nc6 3.Nf3 Nge7 4.Bg5 h6 5.Bh4 g5 6.Bg3 Ng6 7.e3 Bg7 8.Bc4 
Ncxe5 9.Nxe5 Nxe5 10.Bxe5 Bxe5 11.Bxf7+ Kxf7 12.Qd5+ Kf6 13.Nd2 Qe7 14.O-O
c6 15.Qd3 Kg7 16.f4 Bf6 17.e4 d6 18.Rae1 gxf4 19.g3 Bh3 20.Rxf4 Bg5 21.Rf2
Bxd2 22.Rxd2 Rhf8 23.g4 Qh4 24.Qc3+ Kh7 0-1

[Event "Gipuzkoa ch"]
[Site "Donostia - San Sebastian"]
[Date "2012.11.17"]
[Round "5"]
[White "Paredes Macarro, Manuel"]
[Black "Mendikute Fierro, Claudio"]
[Result "0-1"]
[WhiteElo "1897"]
[BlackElo "2033"]

1.e4 e6 2.f4 d5 3.e5 Nh6 4.Nf3 c5 5.b4 d4 6.bxc5 Bxc5 7.Bd3 Nc6 8.Ba3 Qa5 
9.Bxc5 Qxc5 10.c3 Nf5 11.g4 Nfe7 12.cxd4 Nxd4 13.Qa4+ Qc6 14.Qxc6+ Ndxc6 
15.O-O O-O 16.Nc3 Rd8 17.Be4 Nd4 18.Nxd4 Rxd4 19.d3 a6 20.Rab1 Nd5 21.Bxd5
exd5 22.h3 Rxd3 23.Ne2 Rxh3 24.f5 Re3 0-1

[Event "Gipuzkoa ch"]
[Site "Donostia - San Sebastian"]
[Date "2012.11.17"]
[Round "5"]
[White "Uriarte Prieto, Goyo"]
[Black "Puga Senar, Fernando"]
[Result "1-0"]
[WhiteElo "2032"]
[BlackElo "1808"]

1.e4 e6 2.d4 d5 3.Nd2 c5 4.Ngf3 Nc6 5.c3 Be7 6.Bd3 Nf6 7.e5 Nd7 8.O-O cxd4
9.cxd4 f6 10.Re1 O-O 11.Nf1 fxe5 12.dxe5 Qb6 13.Ng3 Qc7 14.Qc2 Rxf3 15.
Bxh7+ Kf8 16.gxf3 Ndxe5 17.Re3 Bg5 18.Rc3 Bxc1 19.Rxc1 Qf7 20.Kg2 Bd7 21.
Re3 Nc4 22.b3 Nxe3+ 23.fxe3 Ne5 24.f4 Ng4 25.Kf3 e5 26.Qc5+ Ke8 27.h3 exf4
28.exf4 Ne5+ 29.Kg2 Qxf4 30.Rf1 Bxh3+ 31.Kxh3 Qh6+ 32.Kg2 Qxh7 33.Qf8+ Kd7
34.Qxa8 d4 35.Kg1 1-0

[Event "Gipuzkoa ch"]
[Site "Donostia - San Sebastian"]
[Date "2012.11.17"]
[Round "5"]
[White "Irure Crespo, Egoitz"]
[Black "Parron Luceno, David"]
[Result "1-0"]
[WhiteElo "1953"]
[BlackElo "1580"]

1.e4 c6 2.d4 d5 3.exd5 cxd5 4.c4 Nc6 5.Nf3 Bg4 6.Qb3 Bxf3 7.gxf3 Nxd4 8.
Qxb7 Nxf3+ 9.Ke2 Nd4+ 10.Kd1 Nf6 11.Be3 e5 12.Bxd4 exd4 13.Qc6+ Ke7 14.Bh3
Ne4 15.Re1 g6 16.cxd5 1-0

[Event "Gipuzkoa ch"]
[Site "Donostia - San Sebastian"]
[Date "2012.11.17"]
[Round "5"]
[White "Mendia Rezola, Jokin"]
[Black "Nogues Fernandez, Ramon"]
[Result "0-1"]
[WhiteElo "1706"]
[BlackElo "1903"]

1.e4 c5 2.Nf3 Nc6 3.c4 e5 4.Be2 Nge7 5.d3 g6 6.Bd2 Bg7 7.a3 d6 8.b4 f5 9.
h4 Nd4 10.Nc3 Ne6 11.Qc2 Nf4 12.g3 Nxe2 13.Nxe2 fxe4 14.dxe4 O-O 15.Qd3 h6
16.Nfg1 Be6 17.Rb1 b6 18.f4 Nc6 19.g4 exf4 20.Nxf4 Ne5 21.Qe3 Rxf4 0-1

[Event "Gipuzkoa ch"]
[Site "Donostia - San Sebastian"]
[Date "2012.11.17"]
[Round "5"]
[White "Elduayen Echave, Ramon"]
[Black "Tung, Siu Hung"]
[Result "1-0"]
[WhiteElo "1664"]
[BlackElo "1895"]

1.e4 c5 2.Nf3 Nc6 3.Bb5 Qc7 4.O-O e6 5.Re1 Nd4 6.Nxd4 cxd4 7.Bf1 Bd6 8.g3 
Ne7 9.Bg2 O-O 10.c3 Nc6 11.d3 a5 12.c4 a4 13.Na3 Bb4 14.Bd2 Qb6 15.Re2 e5 
16.Nb5 Be7 17.f4 d6 18.Rf2 Bd7 19.f5 Nd8 20.Bh3 Bxb5 21.cxb5 Qxb5 22.f6 
Bxf6 23.Rxf6 gxf6 24.Bh6 Kh8 25.Qf3 Qb6 26.Bd2 f5 1-0

[Event "Gipuzkoa ch"]
[Site "Donostia - San Sebastian"]
[Date "2012.11.17"]
[Round "5"]
[White "Goni Garmendia, Aitor"]
[Black "Izquierdo Arruferia, Joseba"]
[Result "0-1"]
[WhiteElo "1780"]
[BlackElo "1885"]

1.e4 e6 2.Qe2 b6 3.Nf3 Bb7 4.g3 Ne7 5.Bg2 d5 6.d3 c5 7.O-O Nbc6 8.Bg5 d4 
9.Na3 h6 10.Bf4 Ng6 11.e5 Nxf4 12.gxf4 Qd7 13.c3 O-O-O 14.Rfd1 Be7 15.cxd4
Nxd4 16.Nxd4 Qxd4 17.Bxb7+ Kxb7 18.Qf3+ Qd5 19.Kg2 Rd7 20.Rd2 Rhd8 21.Rad1
Kc6 22.Nc4 b5 23.Ne3 Qxf3+ 24.Kxf3 c4 25.d4 Bb4 26.d5+ exd5 27.Re2 d4 28.
Nf5 d3 29.Re4 Bf8 30.e6 fxe6 31.Rxe6+ Kc5 32.a3 b4 33.axb4+ Kxb4 34.Rc6 
Bc5 35.Rd2 Re8 36.Ng3 Kb5 37.Rxc5+ Kxc5 38.Ne4+ Kb4 39.Nc3 a5 40.Na2+ Kc5 
41.Nc3 Rde7 42.Na4+ Kd4 43.Nc3 Rb8 44.h4 Rxb2 0-1

[Event "Gipuzkoa ch"]
[Site "Donostia - San Sebastian"]
[Date "2012.11.17"]
[Round "5"]
[White "Orube Bona, Andoni"]
[Black "Carrascal Rosal, Alberto"]
[Result "1/2-1/2"]
[WhiteElo "1791"]
[BlackElo "1875"]

1.d4 Nf6 2.c4 e6 3.g3 d5 4.Nf3 Be7 5.Bg2 Nbd7 6.O-O O-O 7.Qc2 Ne4 8.Nfd2 
Nxd2 9.Nxd2 Nf6 10.Rd1 c6 11.e4 dxe4 12.Nxe4 Re8 13.Bg5 Nxe4 14.Bxe7 Qxe7 
15.Bxe4 g6 16.c5 a5 17.Qa4 Bd7 18.b4 axb4 19.Qxb4 b5 20.a4 bxa4 21.Rxa4 
Rab8 22.Qa3 Rb7 23.Ra8 Rc7 24.Rb1 Rec8 25.Rbb8 Qe8 26.Rxc8 Rxc8 27.Ra7 Qd8
28.Qa6 Kg7 29.Qb7 Be8 30.Ra6 Qd7 31.Qb4 Kg8 32.Qa4 Kg7 33.Ra7 Rc7 34.Ra8 
Rc8 35.Ra6 Rc7 36.Qa1 Kg8 37.Rb6 Qc8 1/2-1/2

[Event "Gipuzkoa ch"]
[Site "Donostia - San Sebastian"]
[Date "2012.11.24"]
[Round "6"]
[White "Argandona Riveiro, Inigo"]
[Black "Etxagibel Larranaga, Asier"]
[Result "1-0"]
[WhiteElo "2402"]
[BlackElo "2077"]

1.c4 Nf6 2.Nc3 c6 3.e4 d5 4.exd5 cxd5 5.cxd5 Nxd5 6.Nf3 e6 7.d4 Be7 8.Bd3 
O-O 9.O-O Nd7 10.Bd2 N7f6 11.Rc1 b6 12.Qa4 Bd7 13.Qb3 Bc6 14.Ne5 Bb7 15.
Ne2 Qd6 16.Nc4 Qd7 17.a4 Rfc8 18.a5 Bd8 19.Ne5 Qd6 20.a6 1-0

[Event "Gipuzkoa ch"]
[Site "Donostia - San Sebastian"]
[Date "2012.11.24"]
[Round "6"]
[White "Ros Eskisabel, Jose Ramon"]
[Black "Guijarro Galan, Jose Luis"]
[Result "0-1"]
[WhiteElo "2103"]
[BlackElo "2121"]

1.d4 Nf6 2.c4 e6 3.Nc3 d5 4.cxd5 exd5 5.Bg5 Be7 6.e3 Nbd7 7.Bd3 c6 8.Qc2 
h6 9.Bh4 O-O 10.Nge2 Re8 11.O-O Nf8 12.f3 c5 13.Bxf6 Bxf6 14.dxc5 Rxe3 15.
Rad1 Be6 16.Nb5 a6 17.Nbd4 Bd7 18.b4 Qc7 19.Qb3 Re5 20.f4 Ree8 21.Qxd5 
Rad8 22.Qf3 Ba4 23.Nb3 Bxb3 24.axb3 a5 25.Bb5 Rxd1 26.Rxd1 Rc8 27.Qe4 axb4
28.Qxb4 Ne6 29.Bc4 Nxc5 30.Qb5 Qe7 31.Kf2 Re8 32.Qb6 Qe3+ 33.Kf1 Re4 34.
Qd6 Bh4 35.g3 Qf3+ 36.Kg1 Rxe2 37.Bxe2 Qxe2 38.gxh4 Ne4 39.Qd8+ Kh7 40.Qd3
Qg4+ 41.Kf1 0-1

[Event "Gipuzkoa ch"]
[Site "Donostia - San Sebastian"]
[Date "2012.11.24"]
[Round "6"]
[White "Sanchez Ruesga, Hector"]
[Black "Lakunza Oyarbide, Juan Carlos"]
[Result "1-0"]
[WhiteElo "1965"]
[BlackElo "2119"]

1.d4 Nf6 2.c4 g6 3.g3 Bg7 4.Bg2 O-O 5.Nc3 d6 6.Nf3 Nc6 7.O-O Bg4 8.d5 Bxf3
9.exf3 Ne5 10.Qe2 Re8 11.f4 Ned7 12.Be3 Qc8 13.h4 1-0

[Event "Gipuzkoa ch"]
[Site "Donostia - San Sebastian"]
[Date "2012.11.24"]
[Round "6"]
[White "Mendikute Fierro, Claudio"]
[Black "Galarza Cenzano, Inigo"]
[Result "1/2-1/2"]
[WhiteElo "2033"]
[BlackElo "2000"]

1.e4 d5 2.exd5 Qxd5 3.Nc3 Qa5 4.d4 Nf6 5.Nf3 c6 6.Bc4 Bf5 7.Bd2 e6 8.Nd5 
Qd8 9.Nxf6+ gxf6 10.Bb3 Nd7 11.Qe2 Qc7 12.O-O-O O-O-O 13.Kb1 Bd6 1/2-1/2

[Event "Gipuzkoa ch"]
[Site "Donostia - San Sebastian"]
[Date "2012.11.24"]
[Round "6"]
[White "Alvarado Fernandez, Mikel"]
[Black "Rodriguez Cabrera, Fco. Javier"]
[Result "1-0"]
[WhiteElo "2015"]
[BlackElo "1945"]

1.e4 e5 2.Nf3 Nc6 3.Bc4 Nf6 4.O-O Bc5 5.Qe1 d6 6.d3 Bg4 7.Nbd2 O-O 8.a4 
Nb4 9.Ra3 Nxc2 10.Qd1 Nxa3 11.bxa3 d5 12.exd5 Nxd5 13.Bb3 Nc3 14.Qc2 Ne2+ 
15.Kh1 Nxc1 16.Qxc1 Qe7 17.Ne4 Bxa3 18.Qa1 Qb4 19.Qb1 Bf5 20.Kg1 Bxe4 21.
dxe4 Rad8 22.Nxe5 Rd2 23.Nd7 Rxd7 24.e5 Re7 25.e6 Rfe8 26.exf7+ Kf8 1-0

[Event "Gipuzkoa ch"]
[Site "Donostia - San Sebastian"]
[Date "2012.11.24"]
[Round "6"]
[White "Nogues Fernandez, Ramon"]
[Black "Segovia Sanchez, Antonio"]
[Result "0-1"]
[WhiteElo "1903"]
[BlackElo "2004"]

1.d4 g6 2.c4 Bg7 3.e4 c6 4.Nc3 d6 5.Be2 a6 6.Nf3 Nf6 7.O-O O-O 8.Bg5 h6 9.
Be3 Nbd7 10.h3 b5 11.e5 Ne8 12.Bf4 Bb7 13.Qd3 dxe5 14.dxe5 Nb6 15.b3 Qxd3 
16.Bxd3 Nc7 17.Ne4 Ne6 18.Bg3 c5 19.Ned2 Rfd8 20.Be4 Bxe4 21.Nxe4 Rd3 22.
Rfd1 Rad8 23.Rxd3 Rxd3 24.Rc1 bxc4 25.bxc4 h5 26.Rb1 Nxc4 27.Rc1 Nb2 28.
Nxc5 Nxc5 29.Rxc5 Rd1+ 30.Kh2 Rd8 31.Rc7 e6 32.Ra7 Nd3 33.Rxa6 Rd7 34.Rd6 
Nxe5 35.Bxe5 Bxe5+ 0-1

[Event "Gipuzkoa ch"]
[Site "Donostia - San Sebastian"]
[Date "2012.11.24"]
[Round "6"]
[White "Elduayen Echave, Ramon"]
[Black "Garro Beraza, Julen"]
[Result "0-1"]
[WhiteElo "1664"]
[BlackElo "1972"]

1.d4 Nf6 2.c4 g6 3.Nc3 Bg7 4.e4 d6 5.Nf3 O-O 6.Be3 e5 7.dxe5 dxe5 8.Qxd8 
Rxd8 9.Nd5 Nxd5 10.cxd5 c6 11.Bc4 cxd5 12.Bxd5 Na6 13.O-O-O Bf6 14.Bg5 Kg7
15.h4 h6 16.Bxf6+ Kxf6 17.Rhg1 Nc7 18.g4 Nxd5 19.g5+ hxg5 20.Rxg5 Be6 21.
exd5 Bxd5 22.Nxe5 Rac8+ 23.Kd2 Bf3+ 0-1

[Event "Gipuzkoa ch"]
[Site "Donostia - San Sebastian"]
[Date "2012.11.24"]
[Round "6"]
[White "Izquierdo Arruferia, Joseba"]
[Black "Manso Marquez, Felix"]
[Result "0-1"]
[WhiteElo "1885"]
[BlackElo "2063"]

1.e4 e6 2.d4 d5 3.exd5 exd5 4.Bd3 Nc6 5.c3 Bd6 6.Nf3 Nge7 7.O-O Bg4 8.Re1 
Qd7 9.Nbd2 O-O-O 10.b4 Rde8 11.b5 Nd8 12.a4 Ng6 13.Qb3 Nf4 14.Bf1 Rxe1 15.
Nxe1 Ne2+ 16.Kh1 Qf5 17.Ndf3 Nxc1 18.Rxc1 Qf4 19.Rc2 Re8 20.Re2 Rxe2 21.
Bxe2 Qc1 22.Qc2 Qa1 23.Bd1 Ne6 24.h3 Bh5 25.g3 Bg6 26.Qd2 Be4 27.Kh2 h5 
28.Bc2 Bxc2 29.Qxc2 g6 30.Nd3 Qf1 31.h4 f6 32.Ng1 g5 33.hxg5 Nxg5 34.Qe2 
Qxe2 35.Nxe2 h4 36.f4 hxg3+ 37.Kxg3 Ne4+ 38.Kg4 Kd7 39.Kf5 Ke7 40.Kg6 c6 
41.bxc6 bxc6 42.Kg7 Bc7 43.Nb4 Kd6 44.Kf7 Ba5 45.Na2 c5 46.dxc5+ Kxc5 47.
Ke6 Kc4 48.Nb4 Nxc3 49.Nxc3 d4 50.Kxf6 dxc3 51.Nc2 Kd3 52.Ne1+ Kd2 53.Nf3+
Ke3 54.Ne1 Kxf4 55.Ke6 Ke4 56.Kd6 Bb4+ 57.Kc6 a5 58.Kb5 Ke3 59.Kc4 Kd2 60.
Nf3+ Kd1 61.Nd4 c2 62.Nxc2 Kxc2 0-1

[Event "Gipuzkoa ch"]
[Site "Donostia - San Sebastian"]
[Date "2012.11.24"]
[Round "6"]
[White "Fernandez Zubitur, Jokin"]
[Black "Aranzabal Minguez, Alex"]
[Result "1-0"]
[WhiteElo "1961"]
[BlackElo "1881"]

1.e4 c5 2.Nc3 g6 3.g3 Bg7 4.Bg2 Nc6 5.d3 Rb8 6.a4 a6 7.f4 b5 8.axb5 axb5 
9.Nf3 d6 10.O-O Bg4 11.h3 Bxf3 12.Bxf3 b4 13.Ne2 Qb6 14.Kh2 e6 15.f5 e5 
16.Bg2 Qd8 17.Be3 Nf6 18.Qd2 h5 19.Bg5 O-O 20.Rf2 Qb6 21.Raf1 Nd7 22.f6 
Bh8 23.g4 hxg4 24.hxg4 Nd4 25.Nxd4 cxd4 26.Bh4 b3 27.Qh6 bxc2 28.Rxc2 Rfc8
29.Rd2 Nc5 30.Bg5 Ne6 31.Rf3 Nxg5 32.Qxg5 Qd8 33.Rdf2 d5 34.Qh4 Rb6 35.g5 
dxe4 36.Rh3 1-0

[Event "Gipuzkoa ch"]
[Site "Donostia - San Sebastian"]
[Date "2012.11.24"]
[Round "6"]
[White "Tung, Siu Hung"]
[Black "Zubia Aramburu, Mikel"]
[Result "1-0"]
[WhiteElo "1895"]
[BlackElo "1786"]

1.e4 c6 2.d4 d5 3.e5 Bf5 4.Nf3 e6 5.Be2 c5 6.Nbd2 Nc6 7.Nb3 c4 8.Nbd2 Bb4 
9.c3 Ba5 10.O-O Nge7 11.Nh4 Bg6 12.f4 h6 13.Bg4 Bd3 14.Be2 Bh7 15.Qe1 b5 
16.g4 b4 17.Qg3 bxc3 18.bxc3 g5 19.Ng2 Ng6 20.f5 Nf8 21.Ba3 Nxd4 22.Bd1 
Qb6 23.Kh1 Nb5 24.Ba4 O-O-O 25.Rab1 a6 26.Bb4 Nd7 27.Bxb5 axb5 28.a4 Bxb4 
29.Rxb4 Qc7 30.Rxb5 Qxe5 31.Qf2 Qd6 32.Qa7 Qc6 33.Rfb1 1-0

[Event "Gipuzkoa ch"]
[Site "Donostia - San Sebastian"]
[Date "2012.11.24"]
[Round "6"]
[White "Navascues Zabaleta, Jesus"]
[Black "Izagirre Alsua, Aritz"]
[Result "1-0"]
[WhiteElo "1769"]
[BlackElo "1835"]

1.e4 c5 2.Nf3 d6 3.d4 cxd4 4.Nxd4 Nf6 5.Nc3 a6 6.Be3 e5 7.Nf3 b5 8.Bd3 Bb7
9.O-O Nbd7 10.a3 Be7 11.h3 O-O 12.Nh2 Nc5 13.Qf3 Nfxe4 14.Nxe4 f5 15.Qd1 
Nxe4 16.f3 Bg5 17.Bxg5 Nxg5 18.c4 bxc4 19.Bxc4+ d5 20.Qb3 dxc4 21.Qxb7 
Qd4+ 22.Kh1 Rab8 23.Qe7 Qf4 24.g3 Qxg3 25.Rg1 Qxh3 26.Rxg5 Rf7 27.Qxe5 h6 
28.Qe7 1-0

[Event "Gipuzkoa ch"]
[Site "Donostia - San Sebastian"]
[Date "2012.11.24"]
[Round "6"]
[White "Puga Senar, Fernando"]
[Black "Mendia Rezola, Jokin"]
[Result "0-1"]
[WhiteElo "1808"]
[BlackElo "1706"]

1.d4 d5 2.c4 e6 3.Nf3 Nf6 4.Bg5 Be7 5.Nc3 O-O 6.e3 h6 7.Bh4 b6 8.Be2 Bb7 
9.O-O Nbd7 10.Rc1 c5 11.h3 Rc8 12.Bg3 dxc4 13.Nb5 Ne4 14.Bh2 a6 15.Nc3 b5 
16.a4 Ndf6 17.axb5 Nxc3 18.Rxc3 axb5 19.b3 Qa5 20.Rc1 c3 21.Ra1 Qb6 22.Qd3
b4 23.Qc2 Bxf3 24.Bxf3 cxd4 25.exd4 Qxd4 26.Rfd1 Qc5 27.Bf4 Rfd8 28.Be3 
Qc7 29.Ra7 Rxd1+ 30.Qxd1 Qd6 31.Qc2 Rd8 32.Kf1 Nd5 33.Bxd5 exd5 34.Qf5 d4 
35.Bf4 Qf6 36.Qe4 Bd6 37.Bc1 Bg3 38.f3 Qe5 39.Ra8 Rxa8 0-1

[Event "Gipuzkoa ch"]
[Site "Donostia - San Sebastian"]
[Date "2012.11.24"]
[Round "6"]
[White "Parron Luceno, David"]
[Black "Orube Bona, Andoni"]
[Result "1/2-1/2"]
[WhiteElo "1580"]
[BlackElo "1791"]

1.b4 e5 2.a3 d5 3.Bb2 Bd6 4.e3 Nf6 5.c4 c6 6.c5 Bc7 7.Nf3 Qe7 8.d3 Bf5 9.
Nbd2 Nbd7 10.Be2 O-O 11.Nf1 Rfd8 12.Ng3 Bxd3 13.Bxd3 e4 14.Nf5 Qe8 15.Bxf6
Nxf6 16.N3d4 exd3 17.Qxd3 a5 18.O-O axb4 19.axb4 Qe5 20.f4 1/2-1/2

[Event "Gipuzkoa ch"]
[Site "Donostia - San Sebastian"]
[Date "2012.12.01"]
[Round "7"]
[White "Sanchez Ruesga, Hector"]
[Black "Argandona Riveiro, Inigo"]
[Result "0-1"]
[WhiteElo "1965"]
[BlackElo "2402"]

1.d4 g6 2.c4 Bg7 3.Nf3 d6 4.g3 f5 5.Bg2 Nf6 6.O-O O-O 7.b3 Qe8 8.Bb2 h6 9.
d5 a5 10.Nd4 Na6 11.Qc2 Nc5 12.Nc3 Bd7 13.Rad1 c6 14.Rfe1 Rc8 15.Qd2 Nce4 
16.Nxe4 Nxe4 17.Bxe4 fxe4 18.Ne6 Bxe6 19.Bxg7 Kxg7 20.dxe6 Rf6 21.Qd4 Qg8 
22.Qxe4 Qxe6 23.Qxe6 Rxe6 24.e4 Re5 25.f4 Rc5 26.e5 d5 27.Rc1 dxc4 28.Rxc4
Rxc4 29.bxc4 b5 30.Kf2 Rd8 31.cxb5 cxb5 32.Ke3 Rc8 33.Re2 Kf7 34.Kd4 Ke6 
35.Rb2 b4 36.Rf2 Kf5 37.Kd5 Rc3 38.Rd2 h5 39.Re2 a4 40.Rb2 b3 41.axb3 Rxb3
42.Ra2 a3 43.Kc4 Rf3 44.Kd5 e6+ 45.Kd6 Rb3 46.Ke7 Rb7+ 47.Kd6 Ra7 48.h3 
Ra6+ 49.Ke7 g5 50.fxg5 Kxg5 51.Kf7 Kf5 52.g4+ hxg4 53.hxg4+ Kxg4 54.Kf6 
Kf4 55.Rf2+ Ke4 56.Rf1 a2 57.Ra1 Kd5 58.Rd1+ Kc4 59.Rc1+ Kb3 60.Rh1 Rc6 
61.Rh3+ Kb2 62.Rh2+ Kb1 63.Rh1+ Rc1 64.Rxc1+ Kxc1 65.Kxe6 a1=Q 0-1

[Event "Gipuzkoa ch"]
[Site "Donostia - San Sebastian"]
[Date "2012.12.01"]
[Round "7"]
[White "Guijarro Galan, Jose Luis"]
[Black "Etxagibel Larranaga, Asier"]
[Result "1-0"]
[WhiteElo "2121"]
[BlackElo "2077"]

1.e4 c5 2.Nf3 Nc6 3.Bb5 g6 4.Bxc6 dxc6 5.O-O Bg7 6.h3 e5 7.d3 Ne7 8.Be3 b6
9.Qd2 O-O 10.Bh6 Qc7 11.Bxg7 Kxg7 12.Nc3 Ba6 13.Ne2 Rad8 14.Ng3 f6 15.Qc3 
Nc8 16.a4 Nd6 17.Rfd1 Qe7 18.b3 Ne8 19.Qb2 Nc7 20.b4 cxb4 21.d4 exd4 22.
Nxd4 Qe5 23.f4 Qxf4 24.Ndf5+ Kf7 25.Qb3+ Ne6 26.Nd4 Qe5 27.Nxe6 Qxe6 28.
Qxb4 c5 29.Qc3 Qe5 30.Qf3 Rd4 31.c3 Rdd8 32.Kh2 Bc8 33.a5 b5 34.a6 h5 35.
Kg1 h4 36.Nh1 Rfe8 37.Nf2 Rxd1+ 38.Rxd1 Bxa6 39.Ng4 Qe7 40.e5 f5 41.Rd6 
Bc8 42.Qf4 Be6 43.Qh6 Qf8 44.Qxh4 Qg7 45.Nf6 Re7 46.Qf2 Rc7 47.Qd2 Qf8 48.
Rxe6 c4 49.Rd6 Re7 50.Rd8 1-0

[Event "Gipuzkoa ch"]
[Site "Donostia - San Sebastian"]
[Date "2012.12.01"]
[Round "7"]
[White "Segovia Sanchez, Antonio"]
[Black "Ros Eskisabel, Jose Ramon"]
[Result "1-0"]
[WhiteElo "2004"]
[BlackElo "2103"]

1.d4 g6 2.Bf4 Bg7 3.e3 d6 4.Nf3 Nd7 5.Be2 e5 6.Bg3 Qe7 7.c4 f5 8.Nc3 c6 9.
Qc2 Nh6 10.Bh4 Bf6 11.Bxf6 Qxf6 12.h3 Qe7 13.O-O-O e4 14.Nd2 Nf6 15.f3 
exf3 16.Bxf3 O-O 17.Rhe1 Be6 18.e4 Qg7 19.e5 dxe5 20.Rxe5 Rae8 21.Rde1 Qd7
22.Qd3 Nf7 23.R5e2 Nd8 24.Nb3 Qf7 25.d5 cxd5 26.Nxd5 Nxd5 27.Bxd5 Bxd5 28.
Rxe8 Rxe8 29.Rxe8+ Qxe8 30.Qxd5+ Kf8 31.Nd4 Qe3+ 32.Kc2 Ke7 33.Nb5 Qf4 34.
Nc3 Nc6 35.Qc5+ Kf7 36.Qd5+ Kf6 37.Kb3 Kg5 38.Ka3 Qf2 39.Ne4+ 1-0

[Event "Gipuzkoa ch"]
[Site "Donostia - San Sebastian"]
[Date "2012.12.01"]
[Round "7"]
[White "Garro Beraza, Julen"]
[Black "Mendikute Fierro, Claudio"]
[Result "0-1"]
[WhiteElo "1972"]
[BlackElo "2033"]

1.e4 e6 2.d4 d5 3.Nc3 Bb4 4.Ne2 dxe4 5.a3 Be7 6.Nxe4 Nc6 7.Be3 Nf6 8.Nxf6+
Bxf6 9.Qd2 e5 10.d5 Ne7 11.O-O-O Nf5 12.Kb1 O-O 13.Bc5 Be7 14.Bxe7 Qxe7 
15.Nc3 Nd6 16.f3 f5 17.Bd3 Bd7 18.Rde1 Rae8 19.Re2 Qf6 20.Rhe1 Re7 21.Nd1 
Rfe8 22.Nf2 g6 23.c4 b6 24.Qc3 Kf7 25.Bc2 e4 26.Qxf6+ Kxf6 27.fxe4 Nxc4 
28.Bd3 Nd6 29.Kc2 fxe4 30.Nxe4+ Nxe4 31.Rxe4 Rxe4 32.Rxe4 Rxe4 33.Bxe4 Ke5
34.Bf3 Kd4 35.Kb3 a5 36.Kc2 Ba4+ 37.b3 Bb5 38.h4 Bd3+ 39.Kd2 Be4 0-1

[Event "Gipuzkoa ch"]
[Site "Donostia - San Sebastian"]
[Date "2012.12.01"]
[Round "7"]
[White "Irure Crespo, Egoitz"]
[Black "Alvarado Fernandez, Mikel"]
[Result "0-1"]
[WhiteElo "1953"]
[BlackElo "2015"]

1.d4 d5 2.Nf3 Nf6 3.Bf4 c6 4.c3 Bf5 5.e3 Nbd7 6.Bd3 Bxd3 7.Qxd3 e6 8.Nbd2 
Be7 9.h3 O-O 10.O-O Re8 11.Ne5 Nxe5 12.Bxe5 Nd7 13.Bg3 a6 14.e4 b5 15.a4 
Nb6 16.axb5 axb5 17.Qc2 Qd7 18.f3 Qb7 19.b3 Rec8 20.Bf2 Ra6 21.Qb2 Rca8 
22.Rfb1 Qa7 23.Rxa6 Qxa6 24.Be3 Qa2 25.Kf1 h6 26.Ke2 b4 27.cxb4 Qa6+ 28.
Kf2 Qd3 29.Re1 Bxb4 30.Qb1 Qb5 31.Rc1 Ra3 32.Qb2 Bxd2 33.Qxa3 Bxc1 34.Bxc1
Nd7 35.Qa8+ Kh7 36.Qa4 Qxa4 37.bxa4 Nb8 38.Ke3 Kg6 39.e5 Na6 40.f4 Kh5 41.
Bd2 Kg6 42.Kf3 Kf5 43.g4+ Kg6 44.h4 Kh7 45.f5 Kg8 46.f6 Kh7 47.h5 g6 48.
hxg6+ Kxg6 49.Kg3 h5 50.Kh4 hxg4 51.Kxg4 c5 52.dxc5 Nxc5 53.a5 Kh7 54.Be3 
Na6 55.Kf3 Kg6 56.Kf4 Kh5 57.Bb6 Kg6 58.Ke3 Kf5 59.Kd4 Kf4 60.Bd8 Kf3 61.
Be7 Ke2 62.Bd8 Kd2 63.Bb6 Kc2 64.Bd8 Kb3 65.Bb6 Kb4 66.Bd8 Kb5 67.Bb6 Nb8 
68.Bc7 Nc6+ 69.Kd3 Nxa5 70.Kd4 Nc6+ 71.Kd3 Kc5 72.Bd6+ Kb6 73.Kc3 Kb5 74.
Kd3 Na5 75.Kd4 Nb3+ 76.Kc3 Nc5 77.Kd4 Nd7 78.Kc3 Kc6 0-1

[Event "Gipuzkoa ch"]
[Site "Donostia - San Sebastian"]
[Date "2012.12.01"]
[Round "7"]
[White "Galarza Cenzano, Inigo"]
[Black "Ezkerro Hernandez, Pablo"]
[Result "1-0"]
[WhiteElo "2000"]
[BlackElo "1696"]

1.e4 e6 2.d3 g6 3.Nf3 Bg7 4.g3 d6 5.Bg2 Ne7 6.O-O O-O 7.Nbd2 b6 8.Re1 Bb7 
9.c3 Nd7 10.Nf1 h6 11.h4 c5 12.N1h2 Kh7 13.Ng4 f5 14.exf5 exf5 15.Ngh2 Nc6
16.Bf4 Nf6 17.Re6 Ne8 18.d4 Qd7 19.d5 Nd8 20.Re1 Nc7 21.c4 Bxb2 22.Rb1 Bg7
23.h5 gxh5 24.Nh4 Nf7 25.Qxh5 Ne8 26.Bh3 Nf6 27.Qg6+ Kg8 28.Nxf5 1-0

[Event "Gipuzkoa ch"]
[Site "Donostia - San Sebastian"]
[Date "2012.12.01"]
[Round "7"]
[White "Manso Marquez, Felix"]
[Black "Fernandez Zubitur, Jokin"]
[Result "1/2-1/2"]
[WhiteElo "2063"]
[BlackElo "1961"]

1.d4 d6 2.c4 e5 3.Nc3 Nf6 4.dxe5 dxe5 5.Qxd8+ Kxd8 6.Bg5 c6 7.Nf3 Nd7 8.g3
h6 9.Bxf6+ gxf6 10.Bh3 Bb4 11.Rc1 Nc5 12.Bxc8 Rxc8 13.O-O Kc7 14.Nd1 Ne4 
15.Ne3 Nd2 16.Nxd2 Bxd2 17.Rc2 Ba5 18.c5 Kb8 19.Ng4 Bd8 20.Rd1 Be7 21.Rd7 
Rc7 22.Rcd2 h5 23.Ne3 Bxc5 24.Nf5 Rhc8 25.h4 Bf8 26.Kg2 Rxd7 27.Rxd7 Rc7 
28.Rd8+ Rc8 29.Rxc8+ Kxc8 30.g4 hxg4 31.h5 Kd7 32.h6 Bxh6 33.Nxh6 Ke6 34.
Nxg4 f5 35.Ne3 c5 36.Nd1 b5 37.Kf3 c4 38.e4 fxe4+ 39.Kxe4 f5+ 40.Ke3 b4 
41.f3 Kd5 42.Kd2 f4 43.b3 a5 44.Nf2 Kd4 45.bxc4 Kxc4 46.Ng4 Kd4 47.Nf6 a4 
48.Ne4 1/2-1/2